[Event "33. Seebach-Open"]
[Site "Grossenseebach"]
[Date "2024.05.30"]
[Round "1.1"]
[White "Ott, Florian"]
[Black "Kassner, Sascha"]
[Result "1-0"]
[WhiteElo "2265"]
[BlackElo "1937"]
[PlyCount "57"]
[EventDate "2024.??.??"]
[WhiteTeam "SC Erlangen 48/88"]
[BlackTeam "SF Rosenheim e.V."]

1. d4 g6 2. e4 Bg7 3. c4 d6 4. Nc3 Nc6 5. Be3 e5 6. d5 Nce7 7. g4 c6 8. Bd3
cxd5 9. cxd5 a6 10. a4 h6 11. h3 g5 12. Nge2 Ng6 13. Ng3 Nf6 14. a5 Nf4 15. Bb6
Qe7 16. Be2 O-O 17. Rh2 Bd7 18. Qd2 Rac8 19. Nd1 Qe8 20. Ne3 Bb5 21. f3 Bxe2
22. Nxe2 Qb5 23. Nf5 Qd7 24. Nxf4 exf4 25. Bd4 Qd8 26. h4 Rc4 27. hxg5 hxg5 28.
Qd3 Qc7 29. Qxc4 1-0

[Event "33. Seebach-Open"]
[Site "Grossenseebach"]
[Date "2024.05.30"]
[Round "1.2"]
[White "Brunsch, Michael"]
[Black "Albert, Markus"]
[Result "0-1"]
[WhiteElo "1936"]
[BlackElo "2255"]
[PlyCount "48"]
[EventDate "2024.??.??"]
[WhiteTeam "SC Höchstadt/Aisch"]
[BlackTeam "SC Ansbach 1855 e.V."]

1. e4 Nc6 2. d4 e5 3. d5 Nce7 4. c4 Ng6 5. Be3 Nf6 6. Bd3 Bb4+ 7. Nd2 O-O 8. h3
d6 9. Ne2 Nh5 10. Qc2 c6 11. Ng3 Nhf4 12. Bxf4 Nxf4 13. O-O Bc5 14. Nf3 Qf6 15.
Qd1 h5 16. Kh2 h4 17. Nf5 cxd5 18. cxd5 Bxf5 19. exf5 Nxd5 20. Be4 Ne7 21. g4
hxg3+ 22. fxg3 d5 23. Bc2 e4 24. Nh4 Rac8 0-1

[Event "33. Seebach-Open"]
[Site "Grossenseebach"]
[Date "2024.05.30"]
[Round "1.3"]
[White "Liepold, Stefan"]
[Black "Koenig, Oliver"]
[Result "1-0"]
[WhiteElo "2201"]
[BlackElo "1935"]
[PlyCount "81"]
[EventDate "2024.??.??"]
[WhiteTeam "SC Erlangen 48/88"]
[BlackTeam "SGem 1882 Fürth"]

1. e4 Nc6 2. Nf3 d6 3. d4 Nf6 4. Nc3 g6 5. Be2 Bg7 6. O-O O-O 7. h3 e5 8. Be3
exd4 9. Nxd4 Re8 10. Qd3 Nb4 11. Qd2 a5 12. a3 Na6 13. Rad1 Nc5 14. f3 Qe7 15.
Ndb5 Na6 16. Rfe1 Be6 17. Bg5 Qf8 18. Bf1 h6 19. Be3 Kh7 20. Nd4 Nc5 21. Nxe6
Nxe6 22. Bc4 g5 23. g3 Rad8 24. Kg2 Nd7 25. Nb5 Ndc5 26. Bxe6 Nxe6 27. Qxa5 Qe7
28. Nd4 Qf6 29. c3 c5 30. Nf5 Bf8 31. Qb6 d5 32. Qxb7 Rb8 33. Qxd5 Rxb2+ 34.
Kg1 Qxc3 35. Qd7 Qe5 36. Qd5 Qb8 37. Bc1 Rd8 38. Qc4 Nd4 39. Qxf7+ Kh8 40. Bxb2
Qxb2 41. Rxd4 1-0

[Event "33. Seebach-Open"]
[Site "Grossenseebach"]
[Date "2024.05.30"]
[Round "1.4"]
[White "Haubrich, Michael"]
[Black "Boehme, Markus"]
[Result "0-1"]
[WhiteElo "1922"]
[BlackElo "2196"]
[PlyCount "53"]
[EventDate "2024.??.??"]
[WhiteTeam "SK Mering"]
[BlackTeam "SC Uttenreuth e.V."]

1. d4 Nf6 2. Bf4 c5 3. dxc5 Na6 4. Qd4 Qa5+ 5. c3 Qxc5 6. e3 Qc6 7. Nf3 d6 8.
Bg3 g6 9. a4 Nc7 10. Nbd2 Bg7 11. Qc4 Be6 12. Qxc6+ bxc6 13. Nd4 Bd7 14. Be2
Rb8 15. b4 Nfd5 16. Rc1 O-O 17. O-O f5 18. Bc4 Kh8 19. h4 f4 20. exf4 Nxb4 21.
cxb4 Bxd4 22. Nf3 Bf6 23. Rb1 Bf5 24. Rb3 Bc2 25. Re3 Rxb4 26. Bd3 Bxd3 27.
Rxd3 0-1

[Event "33. Seebach-Open"]
[Site "Grossenseebach"]
[Date "2024.05.30"]
[Round "1.5"]
[White "Heidrich, Manfred"]
[Black "Hock, Gerold"]
[Result "1-0"]
[WhiteElo "2184"]
[BlackElo "1916"]
[PlyCount "91"]
[EventDate "2024.??.??"]
[WhiteTeam "SC Forchheim e.V."]
[BlackTeam "SC Sulzbach"]

1. e4 e5 2. Nf3 Nc6 3. d4 exd4 4. Nxd4 Bc5 5. Nxc6 bxc6 6. Bd3 Qf6 7. O-O Ne7
8. Kh1 d5 9. Nc3 O-O 10. f4 Bd4 11. e5 Qe6 12. Ne2 Bb6 13. Ng3 f5 14. Qe2 c5
15. c4 d4 16. Bd2 Bb7 17. Rac1 a5 18. Qd1 a4 19. Be2 Ba5 20. Bf3 Bxd2 21. Qxd2
Rfb8 22. Rc2 Ra6 23. Ne2 Rb6 24. Bxb7 R8xb7 25. Nc1 Nc6 26. Nd3 Qe7 27. a3 Rb3
28. Rd1 g5 29. fxg5 Nxe5 30. Re1 Rxd3 31. Qxd3 Nxd3 32. Rxe7 Nxb2 33. h4 d3 34.
Rd2 Rb3 35. Rd7 Nxc4 36. R2xd3 Nxa3 37. R3d5 Nb5 38. Re5 Nd6 39. Rxc5 a3 40.
Rcxc7 Nf7 41. Ra7 Rb4 42. g3 Rb1+ 43. Kg2 Rb2+ 44. Kh3 a2 45. Ra8+ Kg7 46. Rda7
1-0

[Event "33. Seebach-Open"]
[Site "Grossenseebach"]
[Date "2024.05.30"]
[Round "1.6"]
[White "Rosin, Ralf"]
[Black "Heimrath, Reiner"]
[Result "0-1"]
[WhiteElo "1915"]
[BlackElo "2163"]
[PlyCount "120"]
[EventDate "2024.??.??"]
[WhiteTeam "FSV Großenseebach"]
[BlackTeam "SC Noris-Tarrasch Nürnberg 1873"]

1. d4 Nf6 2. Nf3 g6 3. Nc3 c5 4. dxc5 Qa5 5. e3 Qxc5 6. Bd3 Bg7 7. O-O O-O 8.
Qe2 d6 9. Bd2 Nc6 10. a3 Qh5 11. h3 g5 12. Nh2 g4 13. hxg4 Bxg4 14. f3 Bd7 15.
g4 Qh3 16. Qg2 Qxg2+ 17. Kxg2 h6 18. Rh1 d5 19. Nf1 Rfd8 20. Ng3 Ne5 21. Bb5 e6
22. Rad1 Rac8 23. Bxd7 Rxd7 24. Nge2 Nc4 25. Bc1 Rcd8 26. Nb5 Ne8 27. Nbd4 Ned6
28. Ng3 Ne8 29. c3 a6 30. Rh5 Nf6 31. Rh3 Rd6 32. Rdh1 Rb6 33. b3 Na5 34. b4
Nc4 35. Nh5 Nxh5 36. Rxh5 Kf8 37. g5 hxg5 38. Rxg5 Bf6 39. Rg4 Ne5 40. Rg3 a5
41. Rh6 Bg7 42. Rh7 Ng6 43. f4 axb4 44. axb4 Ra8 45. f5 Ra2+ 46. Kh3 exf5 47.
Nxf5 Be5 48. Rg2 Rxg2 49. Kxg2 Bxc3 50. e4 dxe4 51. Be3 Rf6 52. Ng3 Re6 53.
Bc5+ Kg8 54. Rh1 Nf4+ 55. Kf1 e3 56. Ne2 Nxe2 57. Kxe2 b6 58. Rg1+ Kh7 59. Rh1+
Kg6 60. Rg1+ Kh5 0-1

[Event "33. Seebach-Open"]
[Site "Grossenseebach"]
[Date "2024.05.30"]
[Round "1.7"]
[White "Eber, Fabian"]
[Black "Heppert, Lars"]
[Result "0-1"]
[WhiteElo "2157"]
[BlackElo "1910"]
[PlyCount "52"]
[EventDate "2024.??.??"]
[WhiteTeam "SGem 1882 Fürth"]
[BlackTeam "SK Neuburg"]

1. e4 d6 2. d4 Nf6 3. f3 e5 4. Bg5 Be7 5. Bc4 Nbd7 6. c3 c6 7. Ne2 h6 8. Be3
Qc7 9. Qb3 O-O 10. g4 d5 11. exd5 cxd5 12. Bxd5 Nb6 13. Be4 Nxe4 14. fxe4 Bh4+
15. Bf2 Bxf2+ 16. Kxf2 Bxg4 17. Rg1 Bxe2 18. Kxe2 exd4 19. Rg3 d3+ 20. Kxd3 Qf4
21. Qc2 Qf1+ 22. Ke3 Nc4+ 23. Kd4 b6 24. e5 Rad8+ 25. Ke4 f5+ 26. exf6 Rfe8#
0-1

[Event "33. Seebach-Open"]
[Site "Grossenseebach"]
[Date "2024.05.30"]
[Round "1.8"]
[White "Savchuk, Alexander"]
[Black "Bieberle, Jan"]
[Result "0-1"]
[WhiteElo "1896"]
[BlackElo "2153"]
[PlyCount "120"]
[EventDate "2024.??.??"]
[WhiteTeam "SC Uttenreuth e.V."]
[BlackTeam "SC Höchstadt/Aisch"]

1. e4 c5 2. Nf3 d6 3. d4 cxd4 4. Nxd4 Nf6 5. Nc3 a6 6. Rg1 e5 7. Nb3 h5 8. h3
Be6 9. Be3 h4 10. Qd2 Nbd7 11. O-O-O Qc7 12. g4 hxg3 13. Rxg3 O-O-O 14. Kb1 Kb8
15. f3 g6 16. Bg5 Be7 17. h4 Nb6 18. Be2 Nh5 19. Rgg1 Bxg5 20. hxg5 Nf4 21. Nc1
d5 22. exd5 Nbxd5 23. Nxd5 Bxd5 24. Qe3 Rde8 25. Nd3 Nxe2 26. Qxe2 e4 27. fxe4
Bxe4 28. Qf2 Rh2 29. Qg3 Rxc2 30. Qxc7+ Rxc7 31. Ka1 Bxd3 32. Rxd3 Re2 33. Rd8+
Ka7 34. Rd5 Rcc2 35. Rb1 Rg2 36. a3 Rcf2 37. Ka2 Rf5 38. Rxf5 gxf5 39. Rd1 Rxg5
40. Rd7 Rg7 41. Rd5 Kb6 42. Rxf5 Kc6 43. Kb3 Kd6 44. Kc3 Ke6 45. Rf3 f5 46. Kd4
Rd7+ 47. Ke3 Ke5 48. b4 Rc7 49. Ke2 f4 50. Rb3 Ke4 51. b5 a5 52. b6 Rc2+ 53.
Kd1 Ra2 54. Rc3 f3 55. Ke1 Rb2 56. Rc5 a4 57. Rc7 Rxb6 58. Re7+ Kd4 59. Rf7 Rb3
60. Rf4+ Ke3 0-1

[Event "33. Seebach-Open"]
[Site "Grossenseebach"]
[Date "2024.05.30"]
[Round "1.9"]
[White "Kochiev, Ivan"]
[Black "Korn, Lukas Alexander"]
[Result "1-0"]
[WhiteElo "2134"]
[BlackElo "1883"]
[PlyCount "67"]
[EventDate "2024.??.??"]
[WhiteTeam "SC Noris-Tarrasch Nürnberg 1873"]
[BlackTeam "FSV Großenseebach"]

1. e4 e5 2. Nf3 Nc6 3. Bc4 Bc5 4. c3 Nf6 5. d3 a6 6. Bb3 Ba7 7. O-O O-O 8. h3
d6 9. Re1 Ne7 10. Nbd2 Ng6 11. Nf1 b5 12. Ng3 c5 13. d4 c4 14. Bc2 Qc7 15. Bg5
Nd7 16. h4 f6 17. Be3 Nb6 18. h5 Ne7 19. Nh4 Be6 20. f4 a5 21. f5 Bf7 22. Qg4
Kh8 23. Ng6+ Nxg6 24. hxg6 Bg8 25. Kf2 exd4 26. cxd4 d5 27. Rh1 Bb8 28. e5 Re8
29. Rxh7+ Bxh7 30. Qh5 Kg8 31. Qxh7+ Kf8 32. Nh5 Ra7 33. exf6 Rxe3 34. Qh8# 1-0

[Event "33. Seebach-Open"]
[Site "Grossenseebach"]
[Date "2024.05.30"]
[Round "1.10"]
[White "Steiner, Tizian"]
[Black "Homi, Joseph"]
[Result "0-1"]
[WhiteElo "1875"]
[BlackElo "2134"]
[PlyCount "48"]
[EventDate "2024.??.??"]
[WhiteTeam "SC 1868 Bamberg"]
[BlackTeam "SGem 1882 Fürth"]

1. e4 c6 2. d4 d5 3. exd5 cxd5 4. Bd3 Nc6 5. c3 Qc7 6. Ne2 Bg4 7. O-O e6 8. f3
Bh5 9. Nf4 Bg6 10. Nxg6 hxg6 11. f4 Bd6 12. g3 Nf6 13. Nd2 g5 14. Qf3 gxf4 15.
gxf4 Rh4 16. Nb3 O-O-O 17. Be3 Rdh8 18. Rf2 Ng4 19. Raf1 Nxh2 20. Qe2 Nxf1 21.
Kxf1 Rh1+ 22. Kg2 f5 23. Nc5 Qf7 24. Qf3 R8h2+ 0-1

[Event "33. Seebach-Open"]
[Site "Grossenseebach"]
[Date "2024.05.30"]
[Round "1.11"]
[White "Narr, Kevin"]
[Black "Diller, Marianne"]
[Result "1/2-1/2"]
[WhiteElo "2131"]
[BlackElo "1844"]
[PlyCount "131"]
[EventDate "2024.??.??"]
[WhiteTeam "SG Donautal Tuttlingen"]
[BlackTeam "SK Rothenburg e.V."]

1. d4 d5 2. Nf3 Nf6 3. Bf4 e6 4. e3 c5 5. c3 Nc6 6. Nbd2 Be7 7. Ne5 O-O 8. Bd3
a6 9. Qf3 Qe8 10. Qh3 Kh8 11. g4 g6 12. Bh6 Rg8 13. f4 b5 14. g5 Nh5 15. Nxc6
Qxc6 16. Nf3 f6 17. gxf6 Bxf6 18. Ne5 Bxe5 19. fxe5 Ng7 20. Bxg7+ Rxg7 21. O-O
Bd7 22. Rf6 Rag8 23. Raf1 c4 24. Bc2 Qc8 25. R1f4 Qe8 26. Kf1 Qe7 27. Rf2 g5
28. Bd1 b4 29. Bh5 bxc3 30. bxc3 Qa3 31. Bf7 g4 32. Qg3 Rb8 33. Bxe6 Bxe6 34.
Rxe6 Qxc3 35. Ref6 Qd3+ 36. Kg1 c3 37. e6 Rbg8 38. Rf8 Qe4 39. Rxg8+ Rxg8 40.
Qe5+ Qxe5 41. dxe5 Re8 42. Rc2 Rxe6 43. Rxc3 Rxe5 44. Kf2 Kg7 45. Rc6 Rf5+ 46.
Kg3 h5 47. Kh4 Re5 48. Rxa6 Rxe3 49. Kxh5 Rh3+ 50. Kxg4 Rxh2 51. Kf3 Kf7 52.
Ke3 Ke7 53. Kd4 Rd2+ 54. Kc3 Rd1 55. a4 Kd7 56. a5 Kc7 57. Rh6 d4+ 58. Kc2 Ra1
59. Rh7+ Kb8 60. Rh5 Ka7 61. Kb2 Ra4 62. Kb3 Ra1 63. Kc4 Ka6 64. Rh8 Ra4+ 65.
Kd3 Rxa5 66. Ra8+ 1/2-1/2

[Event "33. Seebach-Open"]
[Site "Grossenseebach"]
[Date "2024.05.30"]
[Round "1.12"]
[White "Neher, Benjamin"]
[Black "Seidel, Peter"]
[Result "0-1"]
[WhiteElo "1839"]
[BlackElo "2124"]
[PlyCount "96"]
[EventDate "2024.??.??"]
[WhiteTeam "SF Wetzisreute"]
[BlackTeam "SC Höchstadt/Aisch"]

1. e4 c5 2. Nc3 Nc6 3. Bb5 g6 4. Nf3 Bg7 5. O-O e5 6. d3 Nge7 7. Bc4 O-O 8. a3
d6 9. h3 a6 10. a4 Rb8 11. Bd2 h6 12. Nd5 Nxd5 13. Bxd5 Kh7 14. c3 Ne7 15. c4
Nc6 16. g4 Bd7 17. Kg2 Ne7 18. Rh1 Nxd5 19. cxd5 f5 20. exf5 gxf5 21. g5 f4 22.
h4 h5 23. Qe1 Qe8 24. Bc3 Bf5 25. Qd2 Qf7 26. g6+ Kxg6 27. Rhg1 Qxd5 28. Kh2+
Kh6 29. Rg3 Bf6 30. d4 Rg8 31. dxe5 Qxd2 32. Bxd2 dxe5 33. Rag1 Bg4 34. Ne1
Bxh4 35. f3 Bxg3+ 36. Rxg3 Rbd8 37. Rg2 Bf5 38. Re2 Rge8 39. Bc3 Rd5 40. Ng2
Kg5 41. Be1 Bd3 42. Bh4+ Kf5 43. Rf2 Rd4 44. b3 Rb4 45. Rb2 c4 46. Be1 Rxb3 47.
Nh4+ Ke6 48. Rg2 c3 0-1

[Event "33. Seebach-Open"]
[Site "Grossenseebach"]
[Date "2024.05.30"]
[Round "1.13"]
[White "Quaschner, Manuel"]
[Black "Ospina Ocampo, Camilo"]
[Result "1-0"]
[WhiteElo "2091"]
[BlackElo "1837"]
[PlyCount "115"]
[EventDate "2024.??.??"]
[WhiteTeam "FSV Großenseebach"]
[BlackTeam "SK Durlach"]

1. e4 c5 2. Be2 Nc6 3. f4 e6 4. c3 d5 5. d3 Nf6 6. e5 Ng8 7. Nf3 h5 8. Nbd2 Nh6
9. Nf1 Be7 10. Ne3 g6 11. d4 Qb6 12. a3 a5 13. h3 Nf5 14. Nxf5 gxf5 15. h4 Bd7
16. Kf2 O-O-O 17. Qd3 Rdf8 18. Be3 a4 19. Rab1 Na5 20. Nd2 Bc6 21. dxc5 Bxc5
22. Bxc5 Qxc5+ 23. Qd4 b6 24. b4 axb3 25. Nxb3 Nxb3 26. Rxb3 Kc7 27. Rhb1 Ra8
28. Rxb6 Qxd4+ 29. cxd4 Rxa3 30. R6b3 Rxb3 31. Rxb3 Kd7 32. Rg3 Ra8 33. Bxh5
Ra4 34. Rd3 Ra2+ 35. Kg1 Ra1+ 36. Kh2 Rf1 37. Bf3 Ke7 38. Rc3 Bb5 39. Kg3 Kf8
40. Rb3 Ba4 41. Ra3 Bd1 42. Ra1 Bxf3 43. Rxf1 Bh5 44. Ra1 Kg7 45. Kf2 Kg6 46.
Ke3 Kg7 47. Kd2 Kg6 48. Ra3 Kh6 49. Kc3 Bg4 50. Kb4 Kh5 51. g3 Kh6 52. Kc5 Bh5
53. Kd6 Kg7 54. Ke7 Bg4 55. Ra2 Bh5 56. Rh2 Kg6 57. Kf8 Kh6 58. Ra2 1-0

[Event "33. Seebach-Open"]
[Site "Grossenseebach"]
[Date "2024.05.30"]
[Round "1.14"]
[White "Dreyer, Andre"]
[Black "Sattler, Stefan"]
[Result "0-1"]
[WhiteElo "1832"]
[BlackElo "2085"]
[PlyCount "70"]
[EventDate "2024.??.??"]
[WhiteTeam "SV Stockenhausen-Frommern"]
[BlackTeam "SK 1911 Herzogenaurach e.V."]

1. d4 d5 2. c4 e6 3. Nc3 Nf6 4. Bg5 Be7 5. e3 O-O 6. Nf3 h6 7. Bh4 Nbd7 8. Rc1
c5 9. cxd5 cxd4 10. Nxd4 Nxd5 11. Bxe7 Nxe7 12. Be2 Ng6 13. O-O a6 14. Qc2 Qg5
15. Nf3 Qe7 16. Rfd1 b5 17. Bd3 Nde5 18. Nxe5 Nxe5 19. Be4 Ra7 20. Nxb5 axb5
21. Qxc8 f5 22. Qc5 Qxc5 23. Rxc5 Nd7 24. Rxb5 fxe4 25. a3 Kf7 26. Kf1 Rc8 27.
Ke2 Kf6 28. Rd4 Rc2+ 29. Rd2 Rc5 30. Rd4 Rc2+ 31. Rd2 Rac7 32. a4 Ne5 33. h3
Rc1 34. a5 Nd3 35. f3 Re1# 0-1

[Event "33. Seebach-Open"]
[Site "Grossenseebach"]
[Date "2024.05.30"]
[Round "1.15"]
[White "Meulner, Fabian"]
[Black "Vennemann, Juergen"]
[Result "1/2-1/2"]
[WhiteElo "2085"]
[BlackElo "1831"]
[PlyCount "21"]
[EventDate "2024.??.??"]
[WhiteTeam "SC JÄKLECHEMIE Talente Franken e"]
[BlackTeam "SC Hersbruck"]

1. d4 d6 2. e4 Nf6 3. Bd3 e5 4. c3 d5 5. dxe5 Nxe4 6. Nf3 Nc6 7. O-O Bg4 8. Re1
Bc5 9. Be3 Qe7 10. Bxc5 Nxc5 11. Bb5 1/2-1/2

[Event "33. Seebach-Open"]
[Site "Grossenseebach"]
[Date "2024.05.30"]
[Round "1.16"]
[White "Arora, Abhiraaj"]
[Black "Krupke, Sven"]
[Result "1/2-1/2"]
[WhiteElo "1827"]
[BlackElo "2085"]
[PlyCount "139"]
[EventDate "2024.??.??"]
[WhiteTeam "SC Erlangen 48/88"]
[BlackTeam "SF Rosenheim e.V."]

1. e4 c5 2. Nf3 e6 3. d4 cxd4 4. Nxd4 Nc6 5. Nc3 Nf6 6. Bg5 Bb4 7. Nxc6 bxc6 8.
Qf3 h6 9. Bxf6 Qxf6 10. Qxf6 gxf6 11. Kd2 Rb8 12. a3 Bc5 13. Nd1 a5 14. f4 d5
15. exd5 cxd5 16. Nc3 Bd6 17. g3 Bd7 18. b3 Bc6 19. Bg2 Rc8 20. Rhe1 O-O 21.
Kc1 Rc7 22. Kb2 f5 23. Nb1 Be7 24. Bf1 Bf6+ 25. c3 Bb7 26. Bd3 Rfc8 27. Rc1 Kf8
28. a4 Ke7 29. Ra2 Kd6 30. Na3 Kd7 31. Nb5 Rc5 32. Rc2 Ba6 33. Ra1 Bxb5 34.
Bxb5+ Ke7 35. Rac1 d4 36. cxd4 Bxd4+ 37. Kb1 Rxc2 38. Rxc2 Rxc2 39. Kxc2 Bg1
40. h3 Bh2 41. g4 fxg4 42. hxg4 Bxf4 43. Kd3 Kf6 44. Be8 Ke7 45. Bb5 f5 46.
gxf5 exf5 47. Ke2 h5 48. Kf3 Be5 49. Bf1 Kf6 50. Bg2 Bh2 51. Bf1 Ke5 52. Bh3
Bf4 53. Bf1 Bg5 54. Bh3 h4 55. Bg2 Kd4 56. Bh3 Ke5 57. Bg2 Bh6 58. Bh3 Bd2 59.
Bf1 Kd4 60. Bh3 f4 61. Bf5 Kc3 62. Be6 Kc2 63. Kg4 Kd3 64. Kxh4 Ke3 65. Kh3 f3
66. Bc4 Kf2 67. Kh2 Be3 68. Bb5 Ke1 69. Kg3 f2 70. Kg2 1/2-1/2

[Event "33. Seebach-Open"]
[Site "Grossenseebach"]
[Date "2024.05.30"]
[Round "1.17"]
[White "Stierhof, Michael"]
[Black "Keck, Johannes"]
[Result "1-0"]
[WhiteElo "2068"]
[BlackElo "1825"]
[PlyCount "45"]
[EventDate "2024.??.??"]
[WhiteTeam "SC 1868 Bamberg"]
[BlackTeam "SC Erlangen 48/88"]

1. e4 e6 2. d4 d5 3. Nd2 c5 4. Ngf3 Nc6 5. exd5 Qxd5 6. Bc4 Qd8 7. dxc5 Bxc5 8.
O-O Qc7 9. Ne4 Be7 10. Qe2 Nf6 11. b3 Nxe4 12. Qxe4 Bf6 13. Bf4 Qa5 14. Rad1
O-O 15. a4 g6 16. Rd3 Re8 17. Bd6 e5 18. b4 Qxa4 19. b5 Qxc2 20. Ne1 Bf5 21.
Qd5 Be6 22. Nxc2 Bxd5 23. Bxd5 1-0

[Event "33. Seebach-Open"]
[Site "Grossenseebach"]
[Date "2024.05.30"]
[Round "1.18"]
[White "Bomert, Christian"]
[Black "Piotraschke, Jens"]
[Result "1/2-1/2"]
[WhiteElo "1824"]
[BlackElo "2064"]
[PlyCount "57"]
[EventDate "2024.??.??"]
[WhiteTeam "HSK Lister Turm"]
[BlackTeam "TuS Coswig 1920"]

1. e4 c6 2. d4 d5 3. Nc3 dxe4 4. f3 e3 5. Bxe3 Nf6 6. Bd3 Nd5 7. Nxd5 cxd5 8.
Ne2 Nc6 9. c3 e6 10. O-O Bd6 11. Bf4 Bxf4 12. Nxf4 O-O 13. Kh1 Bd7 14. Bc2 Qh4
15. Nd3 Rad8 16. f4 Be8 17. Rf3 Qe7 18. Qe2 f6 19. Re3 Rd6 20. Re1 Bf7 21. f5
Re8 22. fxe6 Rxe6 23. Rxe6 Qxe6 24. Qxe6 Rxe6 25. Rxe6 Bxe6 26. Nf4 Bf7 27. Bb3
Ne7 28. Kg1 Kf8 29. Kf2 1/2-1/2

[Event "33. Seebach-Open"]
[Site "Grossenseebach"]
[Date "2024.05.30"]
[Round "1.19"]
[White "Saathoff, Richard"]
[Black "Faust, Bernhard"]
[Result "1-0"]
[WhiteElo "2057"]
[BlackElo "1818"]
[PlyCount "117"]
[EventDate "2024.??.??"]
[WhiteTeam "SC Schwarz-Weiß Nürnberg Süd e.V"]
[BlackTeam "SK Rothenburg e.V."]

1. e4 b6 2. d4 Bb7 3. Bd3 e6 4. Nf3 c5 5. c3 Nf6 6. Qe2 Be7 7. O-O d5 8. e5
Nfd7 9. a3 Nc6 10. b4 c4 11. Bc2 b5 12. a4 bxa4 13. Be3 Nb6 14. Nbd2 Ba6 15.
Bxa4 Nxa4 16. Rxa4 Bb5 17. Ra2 O-O 18. Rfa1 a6 19. Nb1 Qb6 20. Na3 Qb7 21. Nd2
Na7 22. Qg4 Kh8 23. h4 Bc6 24. Nf3 Nb5 25. Nb1 Ra7 26. Bg5 Rfa8 27. Bxe7 Qxe7
28. Ra5 Kg8 29. Qf4 h6 30. h5 Be8 31. Qe3 Kh7 32. Nbd2 f5 33. exf6 gxf6 34. g4
Bf7 35. Nf1 Rg8 36. Ng3 Rxg4 37. Rxa6 Rxa6 38. Rxa6 Nd6 39. Nh2 Nf5 40. Qf3 Rg5
41. Ng4 Nxg3 42. fxg3 f5 43. Ne5 Bxh5 44. Qf4 Be8 45. Nf3 Rg4 46. Qb8 Rg7 47.
Ra8 Rg8 48. Ra7 Bd7 49. Qc7 Rg7 50. Kf2 Qf6 51. Qd6 Be8 52. Ra8 Bf7 53. b5 Bh5
54. b6 Bxf3 55. Kxf3 Qg5 56. Ra7 Qg4+ 57. Kf2 Qe4 58. Rxg7+ Kxg7 59. Qe5+ 1-0

[Event "33. Seebach-Open"]
[Site "Grossenseebach"]
[Date "2024.05.30"]
[Round "1.20"]
[White "Llugiq, Bajram"]
[Black "Deschler, Arne"]
[Result "1/2-1/2"]
[WhiteElo "1816"]
[BlackElo "2052"]
[PlyCount "100"]
[EventDate "2024.??.??"]
[WhiteTeam "SC Schwarz-Weiß Nürnberg Süd e.V"]
[BlackTeam "SC Noris-Tarrasch Nürnberg 1873"]

1. d4 d5 2. Nf3 Nf6 3. c4 c6 4. Nc3 e6 5. cxd5 exd5 6. Bg5 Bd6 7. e3 h6 8. Bh4
Bf5 9. Bd3 Bxd3 10. Qxd3 O-O 11. O-O Nbd7 12. Rac1 Qe7 13. Rfe1 g5 14. Bg3 Bxg3
15. hxg3 Ne4 16. Nd2 f5 17. Nf1 Qd6 18. Ne2 Qg6 19. f3 Nd6 20. g4 Kg7 21. gxf5
Nxf5 22. Neg3 Nxg3 23. Qxg6+ Kxg6 24. Nxg3 Rae8 25. e4 Nf6 26. e5 Nh5 27. Nxh5
Kxh5 28. Kf2 Rf4 29. Red1 g4 30. Rc3 Ref8 31. Rdd3 Re4 32. Rb3 Rf7 33. Rd2 Ref4
34. Rdd3 Kg5 35. g3 Rxf3+ 36. Rxf3 Rxf3+ 37. Rxf3 gxf3 38. Kxf3 a5 39. Ke3 b6
40. Kd3 a4 41. Kc3 c5 42. g4 h5 43. gxh5 Kxh5 44. b4 axb3 45. axb3 Kg5 46. dxc5
bxc5 47. b4 cxb4+ 48. Kxb4 Kf5 49. e6 Kxe6 50. Kc3 Ke5 1/2-1/2

[Event "33. Seebach-Open"]
[Site "Grossenseebach"]
[Date "2024.05.30"]
[Round "1.21"]
[White "Redzepovic, Irfan"]
[Black "Averkova, Olena"]
[Result "1-0"]
[WhiteElo "2028"]
[BlackElo "1812"]
[PlyCount "77"]
[EventDate "2024.??.??"]
[WhiteTeam "SC Schwarz-Weiß Nürnberg Süd e.V"]
[BlackTeam "SC 1868 Bamberg"]

1. Nf3 d5 2. e3 Nf6 3. c4 e6 4. b3 c5 5. Bb2 Nc6 6. cxd5 exd5 7. Bb5 Bd7 8. O-O
Bd6 9. d4 a6 10. Be2 b5 11. dxc5 Bxc5 12. Nc3 Ne7 13. Rc1 Bb6 14. h3 O-O 15.
Bd3 Bc6 16. Bb1 h6 17. Ne5 Bb7 18. Ne2 Ne4 19. Qd3 f6 20. Nf3 b4 21. Nfd4 Qd6
22. f3 Ng3 23. Nxg3 Qxg3 24. f4 f5 25. Rf3 Qh4 26. Kh2 a5 27. Qb5 Bxd4 28. Bxd4
Ba6 29. Qd7 Bc8 30. Qd6 Ra6 31. Qc7 Rf7 32. Rg3 Qh5 33. Qd8+ Kh7 34. Bxg7 Rxg7
35. Rxg7+ Kxg7 36. Qxe7+ Qf7 37. Qe5+ Rf6 38. Rxc8 Kg6 39. g4 1-0

[Event "33. Seebach-Open"]
[Site "Grossenseebach"]
[Date "2024.05.30"]
[Round "1.22"]
[White "Basel, Moritz"]
[Black "Ratushnyi, Viktor"]
[Result "0-1"]
[WhiteElo "1810"]
[BlackElo "2025"]
[PlyCount "66"]
[EventDate "2024.??.??"]
[WhiteTeam "SC Kitzingen von 1905"]
[BlackTeam "SC Schwarz-Weiß Nürnberg Süd e.V"]

1. d4 Nf6 2. c4 g6 3. Nc3 Bg7 4. e4 d6 5. Nf3 O-O 6. Be2 e5 7. dxe5 dxe5 8.
Qxd8 Rxd8 9. Bg5 Re8 10. Nd5 Nxd5 11. cxd5 c6 12. Bc4 b5 13. Bb3 c5 14. a4 c4
15. Bd1 Ba6 16. axb5 Bxb5 17. Ba4 Bd7 18. O-O f5 19. Nd2 h6 20. Be3 Rc8 21. f3
c3 22. Bxd7 Nxd7 23. bxc3 Rxc3 24. Rxa7 Rxa7 25. Bxa7 Bf8 26. Kf2 Ra3 27. Be3
f4 28. Bxf4 exf4 29. g3 Ra7 30. Ke2 Bb4 31. Rd1 fxg3 32. hxg3 Ne5 33. Ke3 Bxd2+
0-1

[Event "33. Seebach-Open"]
[Site "Grossenseebach"]
[Date "2024.05.30"]
[Round "1.23"]
[White "Isbilir, Levin"]
[Black "Vaas, Andreas"]
[Result "1-0"]
[WhiteElo "2024"]
[BlackElo "1804"]
[PlyCount "41"]
[EventDate "2024.??.??"]
[WhiteTeam "SC Erlangen 48/88"]
[BlackTeam "SK Dinkelsbühl e.V."]

1. e4 Nf6 2. e5 Nd5 3. d4 d6 4. Nf3 Bg4 5. Be2 g6 6. O-O Bg7 7. h3 Bxf3 8. Bxf3
c6 9. c4 Nb6 10. exd6 exd6 11. Re1+ Kd7 12. c5 Nc8 13. Qb3 Kc7 14. Qxf7+ Qd7
15. Qc4 Re8 16. Rxe8 Qxe8 17. Bf4 Bf8 18. Nc3 Kd7 19. d5 Qf7 20. Rd1 b5 21. Qe4
1-0

[Event "33. Seebach-Open"]
[Site "Grossenseebach"]
[Date "2024.05.30"]
[Round "1.24"]
[White "Kuhmann, Peter"]
[Black "Schmahl, Stephan"]
[Result "1/2-1/2"]
[WhiteElo "1799"]
[BlackElo "2007"]
[PlyCount "70"]
[EventDate "2024.??.??"]
[WhiteTeam "TSV Kirchehrenbach"]
[BlackTeam "SC Windischeschenbach"]

1. e4 c5 2. Nc3 a6 3. a4 Nc6 4. g3 g6 5. Bg2 Bg7 6. d3 e6 7. Nh3 Nge7 8. O-O
O-O 9. Be3 d6 10. Qd2 Rb8 11. Bh6 b5 12. Bxg7 Kxg7 13. f4 Nd4 14. Nd1 d5 15.
Kh1 Bd7 16. axb5 Bxb5 17. Nc3 Bc6 18. b3 Ra8 19. Nf2 f5 20. Na4 Bxa4 21. Rxa4
Qd6 22. exf5 exf5 23. Re1 Nec6 24. Nd1 Rfe8 25. Ne3 Nb4 26. Qc3 Qf6 27. Raa1
Ndxc2 28. Qxc5 Rac8 29. Qa7+ Re7 30. Qxe7+ Qxe7 31. Nxf5+ gxf5 32. Rxe7+ Kf6
33. Rae1 Nxe1 34. Rxe1 Nxd3 35. Ra1 Nb4 1/2-1/2

[Event "33. Seebach-Open"]
[Site "Grossenseebach"]
[Date "2024.05.30"]
[Round "1.25"]
[White "Huhn, Stefan"]
[Black "Poelsterl, Hans"]
[Result "0-1"]
[WhiteElo "1999"]
[BlackElo "1798"]
[PlyCount "54"]
[EventDate "2024.??.??"]
[WhiteTeam "SV Herrenberg e.V."]
[BlackTeam "SK Nürnberg 1911 e.V."]

1. d4 Nf6 2. Bf4 d6 3. Nc3 g6 4. Qd2 h6 5. O-O-O Bg7 6. e4 g5 7. Be3 Ng4 8. f4
Nxe3 9. Qxe3 Nc6 10. fxg5 hxg5 11. Kb1 e5 12. d5 Nd4 13. Bd3 c5 14. Nce2 a6 15.
c3 Nxe2 16. Nxe2 b5 17. Ng3 c4 18. Be2 g4 19. Qf2 Qe7 20. Rdf1 Qa7 21. Nf5 Qxf2
22. Rxf2 Bxf5 23. Rxf5 g3 24. h3 Bh6 25. Bh5 Ra7 26. Rf6 Bf8 27. Rhf1 Rxh5 0-1

[Event "33. Seebach-Open"]
[Site "Grossenseebach"]
[Date "2024.05.30"]
[Round "1.26"]
[White "Utz, Helmut"]
[Black "Seibold, Hubert"]
[Result "1/2-1/2"]
[WhiteElo "1788"]
[BlackElo "1996"]
[PlyCount "47"]
[EventDate "2024.??.??"]
[WhiteTeam "SC Wassertrüdingen"]
[BlackTeam "SK Zirndorf e.V."]

1. d4 d5 2. c4 c6 3. Nf3 Nf6 4. Nc3 Bf5 5. cxd5 cxd5 6. Qb3 Bc8 7. Bf4 a6 8. e3
e6 9. Bd3 Nc6 10. Rc1 Be7 11. h3 O-O 12. O-O Na5 13. Qc2 b5 14. a3 Bb7 15. Ne5
Rc8 16. Qe2 Nc4 17. Rfd1 Qb6 18. Bg5 Qd8 19. Bf4 Re8 20. Bb1 Bf8 21. Bg5 Be7
22. Bxf6 Bxf6 23. Bxh7+ Kf8 24. Nxc4 1/2-1/2